00261nam a22001097a 4500020001800000040000900018082001700027100001900044245002700063260004200090650001900132 a9788178083735 cNUST a621.382bSKL aSklar, Bernard aDigital Communications aIndia:bPearson Education Inc,c2005. aBig Red Baloon